| 000 | 00386nam a2200157Ia 4500 | ||
|---|---|---|---|
| 008 | 210716s2010 xx 000 0 und d | ||
| 020 | _a9788130908656 | ||
| 041 | _aeng | ||
| 082 | _a330 STIJ | ||
| 100 | _aStiglitz, Joseph E;Walsh, Carl E. | ||
| 245 | _aEconomics. | ||
| 250 | _a4 | ||
| 260 |
_aNew Delhi _bViva Books _c2010 |
||
| 300 | _axlviii,888,A32 | ||
| 650 | _aEconomics(330) | ||
| 999 |
_c206749 _d206749 |
||